000 00265nam a2200097Ia 4500
082 _aEF OBRI
245 0 _aThe hard life : an exegesis of squalor
100 _a O'BRIEN, Flann London, 2003
_993521
942 _cBK
008 210817s9999 xx 000 0 und d
999 _c382091
_d382090